| 000 | 00533cam a2200157 a 4500 | ||
|---|---|---|---|
| 020 | _a9718778004 | ||
| 040 | _cDLC | ||
| 082 | _a302 MAR 1991 C022 Or. | ||
| 100 | 1 | _aCadiz, Maria Celeste H. | |
| 245 | 1 | 0 |
_aEducational communication in development : _bbasic concepts, principles, theories, and knowhow / |
| 250 | _aRev. ed. | ||
| 260 |
_aCollege, Laguna, Philippines : _bUniversity of the Philippines Los BaƱos, _c[1991] |
||
| 300 |
_a161 p. : _bill. ; _c23 cm. |
||
| 650 | 0 | _aCommunication in economic development. | |
| 942 | _cAEDBB | ||
| 999 |
_c22534 _d22534 |
||